[Event "GRE-chT 50th"]
[Site "Nikaia"]
[Date "2023.08.28"]
[Round "5.9"]
[White "Kazakos, Nikolaos"]
[Black "Katsanis, Vasileios Dimitrios"]
[Result "0-1"]
[WhiteElo "1999"]
[BlackElo "2112"]
[PlyCount "120"]
[EventDate "2023.08.25"]
[EventType "team"]
[EventRounds "9"]
[EventCountry "GRE"]
[SourceTitle "EXT 2024"]
[Source "ChessBase"]
[SourceDate "2023.10.10"]
[SourceVersion "1"]
[SourceVersionDate "2023.10.10"]
[SourceQuality "1"]
[WhiteTeam "OPHI"]
[BlackTeam "Ames Neas Erythreas"]
[WhiteTeamCountry "GRE"]
[BlackTeamCountry "GRE"]

1. d4 d5 2. c4 e6 3. Nf3 Nf6 4. g3 Be7 5. Bg2 0-0 6. 0-0 dxc4 7. Ne5 Nc6 8. Nxc6 bxc6 9. Na3 Bxa3 10. bxa3 Nd5 11. Qa4 Nc3 12. Qxc4 Qxd4 13. Qxd4 Nxe2+ 14. Kh1 Nxd4 15. Bf4 Ba6 16. Rfd1 Rad8 17. Bxc7 Rd7 18. Be5 c5 19. Rac1 Rc8 20. h4 f6 21. Bf4 Kf7 22. Be3 Rd6 23. f4 Ke7 24. Kh2 Nf5 25. Rxd6 Kxd6 26. Bd2 Nd4 27. Bc3 Bc4 28. Bf1 Nf3+ 29. Kg2 Bd5 30. Kf2 e5 31. fxe5+ fxe5 32. Ke3 Nd4 33. Bd3 Rf8 34. Rf1 Rxf1 35. Bxf1 Nc2+ 36. Kd2 Nd4 37. Bd3 h6 38. Bb1 Be6 39. Be4 Bxa2 40. Ke3 Be6 41. Bd3 Bf5 42. Be4 Bxe4 43. Kxe4 h5 44. a4 g6 45. Ba1 Nc6 46. Bb2 a5 47. Bc3 c4 48. Bb2 Nd4 49. Bc3 Nf5 50. Bxe5+ Kc5 51. Bc3 Nxg3+ 52. Ke5 Nf5 53. Be1 Nxh4 54. Bxh4 c3 55. Ke4 c2 56. Bg5 h4 57. Kf3 Kb4 58. Ke2 h3 59. Kf3 Kxa4 60. Kg3 Kb3 0-1

[Event "GRE-chT 50th"]
[Site "Nikaia"]
[Date "2023.08.27"]
[Round "4.9"]
[White "Gkavardinas, Antonios"]
[Black "Kazakos, Nikolaos"]
[Result "1/2-1/2"]
[WhiteElo "2162"]
[BlackElo "1999"]
[PlyCount "66"]
[EventDate "2023.08.25"]
[EventType "team"]
[EventRounds "9"]
[EventCountry "GRE"]
[SourceTitle "EXT 2024"]
[Source "ChessBase"]
[SourceDate "2023.10.10"]
[SourceVersion "1"]
[SourceVersionDate "2023.10.10"]
[SourceQuality "1"]
[WhiteTeam "Evoiki ES"]
[BlackTeam "OPHI"]
[WhiteTeamCountry "GRE"]
[BlackTeamCountry "GRE"]

1. e4 e6 2. d4 d5 3. Nd2 c5 4. exd5 Qxd5 5. Ngf3 cxd4 6. Bc4 Qd8 7. 0-0 Nc6 8. Nb3 a6 9. Nbxd4 Nxd4 10. Nxd4 Qc7 11. Bd3 Bd6 12. h3 Nf6 13. Re1 0-0 14. Bg5 Be7 15. Qf3 Rd8 16. c3 Bd7 17. Nf5 Bc6 18. Nxe7+ Qxe7 19. Qe2 Rd5 20. Be3 Rad8 21. Rad1 b5 22. Bd4 Rg5 23. g4 Rgd5 24. f4 Qd6 25. Qf2 b4 26. Rd2 bxc3 27. bxc3 Bb5 28. Bb1 Bc6 29. Red1 Qb8 30. Qe3 Rb5 31. Bd3 Rbd5 32. Rb1 Qa8 33. Qe2 Bb5 1/2-1/2

[Event "GRE-chT 50th"]
[Site "Nikaia"]
[Date "2023.08.26"]
[Round "3.9"]
[White "Kazakos, Nikolaos"]
[Black "Karamichos, Michail"]
[Result "1/2-1/2"]
[WhiteElo "1999"]
[BlackElo "1903"]
[PlyCount "61"]
[EventDate "2023.08.25"]
[EventType "team"]
[EventRounds "9"]
[EventCountry "GRE"]
[SourceTitle "EXT 2024"]
[Source "ChessBase"]
[SourceDate "2023.10.10"]
[SourceVersion "1"]
[SourceVersionDate "2023.10.10"]
[SourceQuality "1"]
[WhiteTeam "OPHI"]
[BlackTeam "Amo Galaxias"]
[WhiteTeamCountry "GRE"]
[BlackTeamCountry "GRE"]

1. e3 Nf6 2. c4 e6 3. b3 c5 4. Bb2 Nc6 5. Nf3 d5 6. cxd5 exd5 7. Bb5 Bd7 8. 0-0 Bd6 9. d4 cxd4 10. exd4 0-0 11. Bxc6 bxc6 12. Ne5 Rc8 13. Nd2 Bf5 14. Qf3 Be6 15. Qd3 c5 16. dxc5 Bxc5 17. Rac1 Qb6 18. Qg3 Bd4 19. Bxd4 Qxd4 20. Qe3 Qb2 21. Nd3 Qa3 22. Ra1 d4 23. Qg3 Rc2 24. Nf3 Rd8 25. Qe5 Bg4 26. Nde1 Rxa2 27. Rxa2 Qxa2 28. Nxd4 Re8 29. Qg3 Be2 30. Nxe2 Qxe2 31. Qc3 1/2-1/2

[Event "GRE-chT 50th"]
[Site "Nikaia"]
[Date "2023.08.26"]
[Round "2.9"]
[White "Theodoroglakis, Ioannis"]
[Black "Kazakos, Nikolaos"]
[Result "0-1"]
[WhiteElo "1297"]
[BlackElo "1999"]
[PlyCount "60"]
[EventDate "2023.08.25"]
[EventType "team"]
[EventRounds "9"]
[EventCountry "GRE"]
[SourceTitle "EXT 2024"]
[Source "ChessBase"]
[SourceDate "2023.10.10"]
[SourceVersion "1"]
[SourceVersionDate "2023.10.10"]
[SourceQuality "1"]
[WhiteTeam "Kidon Hanion"]
[BlackTeam "OPHI"]
[WhiteTeamCountry "GRE"]
[BlackTeamCountry "GRE"]

1. c4 Nf6 2. Nc3 e6 3. g3 d5 4. cxd5 exd5 5. d4 c6 6. Bg2 Bd6 7. Bg5 Nbd7 8. e4 dxe4 9. Nxe4 Bb4+ 10. Nc3 0-0 11. Nge2 h6 12. Bxf6 Nxf6 13. 0-0 Re8 14. a3 Bxc3 15. Nxc3 Bg4 16. Qd2 Qd6 17. Rfe1 Rxe1+ 18. Rxe1 Rd8 19. f3 Be6 20. Ne2 c5 21. Nf4 cxd4 22. Nxe6 fxe6 23. f4 Qb6 24. Bh3 Re8 25. Rd1 d3+ 26. Qf2 Qb3 27. Qd2 Rd8 28. Re1 Rd6 29. Re3 Qc2 30. Qe1 d2 0-1

[Event "GRE-ch U16"]
[Site "Peristeri"]
[Date "2023.07.06"]
[Round "5"]
[White "Giannoulis, Grigorios"]
[Black "Kazakos, Nikolaos"]
[Result "1/2-1/2"]
[WhiteElo "1854"]
[BlackElo "2017"]
[PlyCount "63"]
[EventDate "2023.07.03"]
[EventType "swiss"]
[EventRounds "9"]
[EventCountry "GRE"]
[SourceTitle "EXT 2024"]
[Source "ChessBase"]
[SourceDate "2023.10.10"]
[SourceVersion "1"]
[SourceVersionDate "2023.10.10"]
[SourceQuality "1"]

1. e4 e6 2. d4 d5 3. Nd2 c5 4. Ngf3 cxd4 5. exd5 Qxd5 6. Bc4 Qd8 7. 0-0 Nc6 8. Nb3 a6 9. Nbxd4 Nxd4 10. Qxd4 Qxd4 11. Nxd4 Bd7 12. Bf4 Rc8 13. Bb3 Be7 14. Rfe1 g5 15. Bd2 Bf6 16. Nf5 Kf8 17. Bb4+ Ne7 18. Rad1 Bc6 19. Nh6 a5 20. Bxa5 Nd5 21. Bxd5 Bxd5 22. c3 Kg7 23. Ng4 Bxa2 24. Nxf6 Kxf6 25. Rd7 b5 26. c4 Kg6 27. cxb5 Rc5 28. Bc3 Rb8 29. b6 Rd5 30. Rxd5 Bxd5 31. Bd4 h5 32. h3 1/2-1/2

[Event "GRE-ch U16"]
[Site "Peristeri"]
[Date "2023.07.04"]
[Round "3"]
[White "Kazakos, Nikolaos"]
[Black "Antonioudakis, Georgios"]
[Result "1-0"]
[WhiteElo "2017"]
[BlackElo "2033"]
[PlyCount "51"]
[EventDate "2023.07.03"]
[EventType "swiss"]
[EventRounds "9"]
[EventCountry "GRE"]
[SourceTitle "EXT 2024"]
[Source "ChessBase"]
[SourceDate "2023.10.10"]
[SourceVersion "1"]
[SourceVersionDate "2023.10.10"]
[SourceQuality "1"]

1. e4 c5 2. Nf3 d6 3. d4 cxd4 4. Nxd4 Nf6 5. Nc3 a6 6. Be2 e5 7. Nb3 Be7 8. Qd3 0-0 9. 0-0 Be6 10. Be3 Nc6 11. a3 Na5 12. Nd5 Bxd5 13. exd5 b5 14. Nxa5 Qxa5 15. b4 Qc7 16. c4 bxc4 17. Qxc4 Qd8 18. Rac1 a5 19. Qb3 Nd7 20. Rc6 Qb8 21. b5 Nc5 22. Qb1 Ra7 23. Rd1 Rd8 24. b6 Rad7 25. Qb5 Qa8 26. Rc7 1-0

[Event "GRE-ch U16"]
[Site "Peristeri"]
[Date "2023.07.03"]
[Round "1"]
[White "Kazakos, Nikolaos"]
[Black "Bantekas, Achilleas"]
[Result "1-0"]
[WhiteElo "2017"]
[BlackElo "1632"]
[PlyCount "63"]
[EventDate "2023.07.03"]
[EventType "swiss"]
[EventRounds "9"]
[EventCountry "GRE"]
[SourceTitle "EXT 2024"]
[Source "ChessBase"]
[SourceDate "2023.10.10"]
[SourceVersion "1"]
[SourceVersionDate "2023.10.10"]
[SourceQuality "1"]

1. e4 c5 2. Nf3 e6 3. d4 cxd4 4. Nxd4 a6 5. c4 Nf6 6. Nc3 Qc7 7. Bd3 Be7 8. 0-0 0-0 9. Qe2 d6 10. Kh1 Nbd7 11. f4 b6 12. Bd2 Bb7 13. Rac1 Rac8 14. b4 Rfd8 15. Nb3 Qb8 16. a3 Qa8 17. Rce1 Bf8 18. Bb1 Ne8 19. e5 Nc7 20. Kg1 d5 21. cxd5 Nxd5 22. Ne4 a5 23. Rf3 axb4 24. axb4 Bxb4 25. Bxb4 Nxb4 26. Rh3 g6 27. Nd6 Rc7 28. Nxf7 Rf8 29. Ng5 Qe8 30. Nxh7 Rxf4 31. Rg3 Kxh7 32. Qh5+ 1-0

[Event "GRE-chT U16 14th"]
[Site "Rio Achaia"]
[Date "2022.12.17"]
[Round "5"]
[White "Trapalis, Theodoros"]
[Black "Kazakos, Nikolaos"]
[Result "1/2-1/2"]
[WhiteElo "1752"]
[BlackElo "1882"]
[PlyCount "46"]
[EventDate "2022.12.15"]
[EventType "team-swiss"]
[EventRounds "6"]
[EventCountry "GRE"]
[SourceTitle "EXT 2024"]
[Source "ChessBase"]
[SourceDate "2023.10.10"]
[SourceVersion "1"]
[SourceVersionDate "2023.10.10"]
[SourceQuality "1"]

1. d4 Nf6 2. c4 e6 3. Nc3 Bb4 4. e3 0-0 5. Bd3 d5 6. Nge2 Re8 7. 0-0 Bf8 8. Qc2 b6 9. cxd5 exd5 10. Ng3 Bb7 11. b3 g6 12. Bb2 Bg7 13. Rac1 h5 14. Rfe1 Qe7 15. Nb5 c6 16. Ba3 Qd7 17. Nd6 Re6 18. Nxb7 Qxb7 19. Ne2 Bh6 20. Nf4 Re8 21. Ne2 Re6 22. Nf4 Re8 23. Ne2 Re6 1/2-1/2

[Event "GRE-ch U16"]
[Site "Thessaloniki"]
[Date "2022.08.23"]
[Round "8"]
[White "Kazakos, Nikolaos"]
[Black "Stamatiou, Rodolfos"]
[Result "1-0"]
[WhiteElo "1764"]
[BlackElo "2230"]
[PlyCount "71"]
[EventDate "2022.08.18"]
[EventType "swiss"]
[EventRounds "9"]
[EventCountry "GRE"]
[SourceTitle "EXT 2023"]
[Source "ChessBase"]
[SourceDate "2022.10.05"]
[SourceVersion "1"]
[SourceVersionDate "2022.10.05"]
[SourceQuality "1"]

1. e4 c5 2. Nc3 Nc6 3. Nf3 e5 4. Bc4 g6 5. d3 h6 6. Be3 d6 7. Nd5 Bg7 8. c3 Nf6 9. h3 Nxd5 10. Bxd5 0-0 11. Qd2 Kh7 12. d4 exd4 13. cxd4 Qb6 14. dxc5 dxc5 15. Rc1 Nd4 16. Nxd4 cxd4 17. Bf4 Be6 18. 0-0 Qa6 19. Rc7 Bxd5 20. exd5 Qxa2 21. d6 Qd5 22. Rfc1 b6 23. Qd3 Kg8 24. d7 Rfd8 25. Qf3 Qf5 26. Qxa8 Rxa8 27. Rc8+ Kh7 28. d8Q Rxc8 29. Rxc8 g5 30. Qg8+ Kg6 31. Rc6+ f6 32. Rc7 Qxf4 33. Qxg7+ Kf5 34. Qh7+ Ke5 35. Qe7+ Kf5 36. g4+ 1-0

[Event "GRE-ch U16"]
[Site "Thessaloniki"]
[Date "2022.08.21"]
[Round "6"]
[White "Papadopoulos, Filippos"]
[Black "Kazakos, Nikolaos"]
[Result "1/2-1/2"]
[WhiteElo "1635"]
[BlackElo "1764"]
[PlyCount "181"]
[EventDate "2022.08.18"]
[EventType "swiss"]
[EventRounds "9"]
[EventCountry "GRE"]
[SourceTitle "EXT 2023"]
[Source "ChessBase"]
[SourceDate "2022.10.05"]
[SourceVersion "1"]
[SourceVersionDate "2022.10.05"]
[SourceQuality "1"]

1. e4 c5 2. Nf3 d6 3. d4 cxd4 4. Nxd4 Nf6 5. f3 g6 6. c4 Bg7 7. Nc3 Nc6 8. Be3 0-0 9. Qd2 Nxd4 10. Bxd4 Be6 11. Be2 a6 12. Rc1 Rc8 13. b3 Qa5 14. Be3 Nd7 15. Na4 Qxd2+ 16. Kxd2 f5 17. Nc3 Bxc3+ 18. Rxc3 fxe4 19. fxe4 Nc5 20. Bf3 b6 21. Bxc5 Rxc5 22. a3 Kg7 23. Rhc1 Rfc8 24. Kd3 g5 25. b4 R5c7 26. Be2 Bd7 27. Kd2 a5 28. bxa5 bxa5 29. Rb1 Be6 30. Rb5 Rc5 31. Rxc5 Rxc5 32. h3 Kf6 33. Ke3 Ke5 34. Rc1 h6 35. Rc2 Rc8 36. Rc3 Rc5 37. Rc2 Bf7 38. Rc1 Rc8 39. Rc3 Bg6 40. Bd3 a4 41. Bc2 Be8 42. Bd1 Bd7 43. Bc2 Rc5 44. Bd3 Bb5 45. Rc2 Ba6 46. Be2 e6 47. Bd3 Rc6 48. g3 h5 49. Be2 h4 50. gxh4 gxh4 51. Bd3 Rc5 52. Rg2 Kf6 53. Rf2+ Ke7 54. Rf4 Bxc4 55. Bxc4 Rxc4 56. Kd3 Rc1 57. e5 Rb1 58. exd6+ Kxd6 59. Rxh4 Rb3+ 60. Kc2 Rxa3 61. Kb2 Rb3+ 62. Kc2 Ra3 63. Kb2 Rf3 64. Rxa4 Rxh3 65. Kc2 Re3 66. Kd2 Re5 67. Rd4+ Ke7 68. Rf4 Ra5 69. Ke3 e5 70. Rb4 Ra1 71. Rb6 Re1+ 72. Kd2 Re4 73. Kd3 Rh4 74. Ke3 Rd4 75. Ra6 Rf4 76. Rb6 Rf6 77. Rxf6 Kxf6 78. Ke4 Ke6 79. Ke3 Kd5 80. Kd3 e4+ 81. Ke3 Ke5 82. Ke2 Kf4 83. Kf2 e3+ 84. Ke2 Ke4 85. Ke1 Kf3 86. Kf1 Kg3 87. Ke2 Kf4 88. Ke1 Kf3 89. Kf1 e2+ 90. Ke1 Kg2 91. Kxe2 1/2-1/2

[Event "GRE-ch U16"]
[Site "Thessaloniki"]
[Date "2022.08.19"]
[Round "2"]
[White "Fragkos, Vasileios"]
[Black "Kazakos, Nikolaos"]
[Result "1-0"]
[WhiteElo "2064"]
[BlackElo "1764"]
[PlyCount "113"]
[EventDate "2022.08.18"]
[EventType "swiss"]
[EventRounds "9"]
[EventCountry "GRE"]
[SourceTitle "EXT 2023"]
[Source "ChessBase"]
[SourceDate "2022.10.05"]
[SourceVersion "1"]
[SourceVersionDate "2022.10.05"]
[SourceQuality "1"]

1. d4 Nf6 2. Bg5 d5 3. Bxf6 exf6 4. e3 Bd6 5. c4 dxc4 6. Bxc4 0-0 7. Ne2 b6 8. 0-0 Bb7 9. Nbc3 f5 10. Qc2 g6 11. a3 Nd7 12. Bd5 Bxd5 13. Nxd5 Nf6 14. Nxf6+ Qxf6 15. b4 Rfc8 16. Qc4 a5 17. g3 Qe7 18. bxa5 Rxa5 19. a4 h5 20. h4 Rca8 21. Nc3 Kg7 22. Rab1 Qe8 23. Rb2 Ba3 24. Re2 Qd7 25. Rd1 Be7 26. Kg2 Bf6 27. Red2 Qd8 28. f3 Qc8 29. e4 fxe4 30. fxe4 c5 31. e5 Bxh4 32. Rf2 Qg4 33. Rxf7+ Kh6 34. Rd3 Rxa4 35. Nxa4 Rxa4 36. Qxa4 Qe2+ 37. Rf2 Qxd3 38. gxh4 Qe4+ 39. Kf1 Qd3+ 40. Ke1 Qc3+ 41. Rd2 c4 42. Qa8 Qe3+ 43. Kd1 Kh7 44. Qb7+ Kh8 45. Qc8+ Kh7 46. Qxc4 Qf3+ 47. Kc2 Qe4+ 48. Kb2 Qxh4 49. Qf7+ Kh6 50. Qf6 Qe1 51. Qh8+ Kg5 52. Rg2+ Kf4 53. Qf6+ Ke4 54. Qxg6+ Kxd4 55. Qxb6+ Kxe5 56. Rg5+ Kf4 57. Qf6+ 1-0

[Event "GRE-chT 49th"]
[Site "Thessaloniki"]
[Date "2022.08.13"]
[Round "3.8"]
[White "Karakasidis, Michail"]
[Black "Kazakos, Nikolaos"]
[Result "1/2-1/2"]
[WhiteElo "1460"]
[BlackElo "1764"]
[PlyCount "157"]
[EventDate "2022.08.12"]
[EventType "team-swiss"]
[EventRounds "7"]
[EventCountry "GRE"]
[SourceTitle "CBM 209 Extra"]
[Source "ChessBase"]
[SourceDate "2022.09.30"]
[SourceVersion "1"]
[SourceVersionDate "2022.09.30"]
[SourceQuality "1"]
[WhiteTeam "Alexanthroepoles Ethnikos"]
[BlackTeam "OFI"]
[WhiteTeamCountry "GRE"]
[BlackTeamCountry "GRE"]

1. e4 e6 2. d4 d5 3. Nd2 c5 4. Ngf3 Nc6 5. exd5 exd5 6. Bb5 Qe7+ 7. Be2 Qc7 8. 0-0 Nf6 9. Re1 Be7 10. dxc5 0-0 11. Nb3 Be6 12. c3 Ne4 13. Bd3 Nxc5 14. Nxc5 Bxc5 15. Ng5 h6 16. Nxe6 fxe6 17. Be3 Bd6 18. Qg4 Rf6 19. f4 Raf8 20. g3 e5 21. Rad1 exf4 22. gxf4 Bxf4 23. Bxf4 Qxf4 24. Qxf4 Rxf4 25. Rf1 g5 26. Bb5 Rxf1+ 27. Bxf1 Ne7 28. Bg2 Rf5 29. c4 dxc4 30. Rd7 Kf7 31. Rxb7 Ra5 32. Bf1 Ra4 33. Rc7 Kf6 34. Bxc4 Nf5 35. Kf2 Ke5 36. Rc5+ Kd4 37. Bb3 Kxc5 38. Bxa4 Kd4 39. Kf3 Kd3 40. Kg4 Ng7 41. Bd7 Kc2 42. b4 Kc3 43. b5 Kb4 44. a4 Ka5 45. Bc6 Kb6 46. Bd7 Kc7 47. Bc6 Kb6 48. h3 Ka5 49. Bd7 Kb6 50. h4 gxh4 51. Kxh4 Kc7 52. Bc6 a5 53. Be4 Kb6 54. Bg6 Kc5 55. Kg4 Kd6 56. Bf7 Kc5 57. Kf4 h5 58. Kg5 h4 59. Kxh4 Nf5+ 60. Kg5 Nd6 61. Bb3 Ne4+ 62. Kf4 Nc3 63. Ke3 Kb6 64. Kd4 Nxb5+ 65. Kc4 Nd6+ 66. Kd5 Nb7 67. Bc4 Nc5 68. Bb5 Nb3 69. Be8 Nc5 70. Kc4 Ne4 71. Bg6 Nc5 72. Bc2 Nb7 73. Kd5 Nd8 74. Bd1 Nc6 75. Bb3 Nb4+ 76. Kd6 Nd3 77. Bc2 Nc5 78. Kd5 Nxa4 79. Bxa4 1/2-1/2

[Event "GRE-chT U16"]
[Site "Thessaloniki"]
[Date "2021.12.18"]
[Round "4.2"]
[White "Kazakos, Nikolaos"]
[Black "Papadopoulos, Filippos"]
[Result "0-1"]
[WhiteElo "1684"]
[BlackElo "1649"]
[PlyCount "21"]
[EventDate "2021.12.16"]
[EventType "team-swiss"]
[EventRounds "6"]
[EventCountry "GRE"]
[SourceTitle "CBM 205 Extra"]
[Source "ChessBase"]
[SourceDate "2022.01.31"]
[SourceVersion "1"]
[SourceVersionDate "2022.01.31"]
[SourceQuality "1"]
[WhiteTeam "OFI"]
[BlackTeam "Patron"]
[WhiteTeamCountry "GRE"]
[BlackTeamCountry "GRE"]

1. e4 c5 2. Nc3 d6 3. g3 g6 4. Bg2 Bg7 5. d3 e6 6. Be3 Nc6 7. Qd2 Nge7 8. Bh6 0-0 9. h4 f6 10. Bxg7 Kxg7 11. h5 0-1

[Event "GRE-chT Online Rapid op 1st"]
[Site "Tornelo INT"]
[Date "2021.02.20"]
[Round "4.4"]
[White "Kazakos, Nikolaos"]
[Black "Karamichos, Michail"]
[Result "1-0"]
[WhiteElo "1530"]
[BlackElo "1768"]
[PlyCount "105"]
[EventDate "2021.02.20"]
[EventType "team-swiss (rapid)"]
[EventRounds "9"]
[EventCountry "GRE"]
[SourceTitle "EXT 2023"]
[Source "ChessBase"]
[SourceDate "2022.10.05"]
[SourceVersion "1"]
[SourceVersionDate "2022.10.05"]
[SourceQuality "1"]

1. d4 Nf6 2. c4 e6 3. Nc3 Bb4 4. Qc2 0-0 5. Bg5 h6 6. Bxf6 Qxf6 7. e3 d6 8. Nf3 e5 9. a3 Bxc3+ 10. Qxc3 Re8 11. dxe5 dxe5 12. Be2 c5 13. Rd1 Nc6 14. 0-0 Be6 15. Bd3 Bf5 16. Bxf5 Qxf5 17. Rd5 b6 18. Rfd1 Rac8 19. h3 Re6 20. Rd7 e4 21. R1d5 Qh7 22. Ne5 Rxe5 23. Qxe5 g5 24. Qf6 Qg7 25. Qf5 Re8 26. R5d6 Ne7 27. Rxe7 Rxe7 28. Rd8+ Qf8 29. Rxf8+ Kxf8 30. Kh2 Re6 31. Kg3 Ke7 32. Kg4 Kf8 33. Qd5 Kg7 34. Kf5 Re7 35. b4 cxb4 36. axb4 f6 37. c5 bxc5 38. bxc5 a5 39. Qd6 Kf7 40. Qxf6+ Ke8 41. Qc6+ Kf7 42. Qb5 Rc7 43. Qxa5 Rc6 44. Qb6 Rxb6 45. cxb6 Ke7 46. b7 Kd7 47. b8Q Kc6 48. Ke5 g4 49. Qc8+ Kb6 50. Kd6 gxh3 51. Qb8+ Ka5 52. Kc5 Ka6 53. Qb6# 1-0

[Event "GRE-chT U16"]
[Site "Thessaloniki"]
[Date "2019.11.30"]
[Round "4.3"]
[White "Kazakos, Nikolaos"]
[Black "Dristellas, Neoklis"]
[Result "1/2-1/2"]
[WhiteElo "1556"]
[BlackElo "1538"]
[PlyCount "90"]
[EventDate "2019.11.28"]
[EventType "team-swiss"]
[EventRounds "6"]
[EventCountry "GRE"]
[SourceTitle "CBM 193 Extra"]
[Source "ChessBase"]
[SourceDate "2020.01.31"]
[SourceVersion "1"]
[SourceVersionDate "2020.01.31"]
[SourceQuality "1"]
[WhiteTeam "OFI"]
[BlackTeam "Kavalas"]
[WhiteTeamCountry "GRE"]
[BlackTeamCountry "GRE"]

1. e4 e5 2. Nf3 Nc6 3. d4 exd4 4. Bc4 Nf6 5. Ng5 d5 6. exd5 Ne5 7. Qxd4 Bd6 8. 0-0 Nxc4 9. Qxc4 0-0 10. Nc3 Bf5 11. Nge4 Nxe4 12. Nxe4 Bxh2+ 13. Kxh2 Qh4+ 14. Kg1 Qxe4 15. Qxe4 Bxe4 16. c4 Bd3 17. Rd1 Bxc4 18. Bf4 Rfd8 19. Bxc7 Rxd5 20. Rxd5 Bxd5 21. a3 Rc8 22. Be5 f6 23. Bc3 Kf7 24. Re1 h5 25. Rd1 Bc6 26. f3 Rh8 27. Kf2 h4 28. Rh1 Kg6 29. Be1 Kf5 30. Bc3 g5 31. Rh3 Kg6 32. Rh1 Re8 33. Re1 Rxe1 34. Bxe1 f5 35. Bc3 g4 36. fxg4 fxg4 37. Bd4 g3+ 38. Kg1 a6 39. Be5 Kf5 40. Bc7 Kg4 41. Bd6 Bd5 42. Bc5 Be6 43. Bb6 Bd5 44. Bc5 Be4 45. Bb6 Bd5 1/2-1/2

[Event "GRE-chT U16"]
[Site "Thessaloniki"]
[Date "2019.11.29"]
[Round "3.3"]
[White "Kazakos, Nikolaos"]
[Black "Hartofylakas, Spyros"]
[Result "1/2-1/2"]
[WhiteElo "1556"]
[BlackElo "1690"]
[PlyCount "140"]
[EventDate "2019.11.28"]
[EventType "team-swiss"]
[EventRounds "6"]
[EventCountry "GRE"]
[SourceTitle "CBM 193 Extra"]
[Source "ChessBase"]
[SourceDate "2020.01.31"]
[SourceVersion "1"]
[SourceVersionDate "2020.01.31"]
[SourceQuality "1"]
[WhiteTeam "OFI"]
[BlackTeam "Neas Erythraias"]
[WhiteTeamCountry "GRE"]
[BlackTeamCountry "GRE"]

1. e4 e5 2. Nf3 Nc6 3. Nc3 Nf6 4. Bb5 Bc5 5. Nxe5 Nxe5 6. d4 Bd6 7. dxe5 Bxe5 8. 0-0 0-0 9. Re1 c6 10. Bc4 Bxc3 11. bxc3 d5 12. exd5 Nxd5 13. Bxd5 Qxd5 14. Qxd5 cxd5 15. Ba3 Rd8 16. Bc5 b6 17. Bd4 Bf5 18. Re2 f6 19. Rae1 Kf8 20. Rd2 Rac8 21. f3 Re8 22. Ra1 Rc4 23. a4 Ke7 24. a5 Kd6 25. axb6 axb6 26. Ra6 Rb8 27. Bxb6 Rc6 28. Ra5 Rbxb6 29. Rdxd5+ Ke6 30. Rxf5 Rb1+ 31. Kf2 Rb2 32. Rfc5 Rxc2+ 33. Kg3 Rxc3 34. Rxc6+ Rxc6 35. Ra7 g5 36. Rxh7 Kf5 37. Rb7 Rc2 38. Rb5+ Kg6 39. Rb4 Rd2 40. h4 gxh4+ 41. Rxh4 Kg5 42. Rg4+ Kf5 43. Rb4 Kg6 44. Rb5 Rc2 45. Kh3 Rd2 46. g4 Ra2 47. Kg3 Ra4 48. Rb6 Rc4 49. f4 Kg7 50. Rb5 Rc3+ 51. Kh4 Rc7 52. g5 fxg5+ 53. Kxg5 Rc6 54. Rb7+ Kf8 55. f5 Ra6 56. Rh7 Rb6 57. Ra7 Rc6 58. Rh7 Ra6 59. Rc7 Rb6 60. f6 Rb1 61. Rc4 Rg1+ 62. Rg4 Rxg4+ 63. Kxg4 Kf7 64. Kg5 Kf8 65. Kg6 Kg8 66. Kg5 Kf7 67. Kf5 Kf8 68. Ke6 Ke8 69. f7+ Kf8 70. Kf5 Kxf7 1/2-1/2

[Event "GRE-chT 46th"]
[Site "Rio Achaia"]
[Date "2018.07.14"]
[Round "6.10"]
[White "Chatzigavriil, Georgios A"]
[Black "Kazakos, Nikolaos"]
[Result "0-1"]
[WhiteElo "1318"]
[BlackElo "1375"]
[PlyCount "128"]
[EventDate "2018.07.10"]
[EventType "team"]
[EventRounds "7"]
[EventCountry "GRE"]
[SourceTitle "CBM 185 Extra"]
[Source "ChessBase"]
[SourceDate "2018.07.29"]
[SourceVersion "1"]
[SourceVersionDate "2018.07.29"]
[SourceQuality "1"]
[WhiteTeam "Kavalas OFS"]
[BlackTeam "OFI"]
[WhiteTeamCountry "GRE"]
[BlackTeamCountry "GRE"]

1. c4 e6 2. Nc3 d5 3. d4 Nf6 4. Bg5 Nbd7 5. e3 Be7 6. Nf3 h6 7. Bxf6 Nxf6 8. Bd3 dxc4 9. Bxc4 0-0 10. 0-0 b6 11. Ne5 Bd6 12. Qf3 Bd7 13. Nxd7 Nxd7 14. Nb5 Qe7 15. Nxd6 cxd6 16. Rac1 d5 17. Ba6 Nb8 18. Bb5 a6 19. Bd3 Qb7 20. Qf4 Nc6 21. e4 Nb4 22. Bb1 dxe4 23. Bxe4 Nd5 24. Qg3 Rac8 25. Bxd5 Qxd5 26. Qe5 Qxa2 27. Qe2 Rxc1 28. Rxc1 Rd8 29. h3 Rxd4 30. Rc8+ Kh7 31. Qc2+ f5 32. Qc3 Qb1+ 33. Kh2 Qe4 34. Qg3 Qf4 35. Rc6 Qxg3+ 36. Kxg3 Rb4 37. Rxe6 Rxb2 38. Re5 f4+ 39. Kf3 g5 40. h4 Kg6 41. hxg5 hxg5 42. g3 Rb3+ 43. Kg2 Kf6 44. gxf4 gxf4 45. Re4 Kf5 46. Rd4 b5 47. f3 Rb2+ 48. Kf1 a5 49. Ke1 a4 50. Kd1 a3 51. Kc1 b4 52. Rc4 b3 53. Rb4 Rc2+ 54. Kd1 a2 55. Rxb3 a1Q+ 56. Kxc2 Qa2+ 57. Rb2 Qc4+ 58. Kd2 Qd4+ 59. Kc2 Qf2+ 60. Kc1 Qxf3 61. Rd2 Kg4 62. Kc2 Kg3 63. Kc1 Qf1+ 64. Kc2 Qf2 0-1

[Event "GRE-ch U12"]
[Site "Rio Achaia"]
[Date "2018.07.09"]
[Round "9"]
[White "Kazakos, Nikolaos"]
[Black "Makridis, Dimitrios"]
[Result "0-1"]
[WhiteElo "1375"]
[BlackElo "1565"]
[PlyCount "146"]
[EventDate "2018.07.03"]
[EventType "swiss"]
[EventRounds "9"]
[EventCountry "GRE"]
[SourceTitle "EXT 2019"]
[Source "ChessBase"]
[SourceDate "2018.10.10"]
[SourceVersion "1"]
[SourceVersionDate "2018.10.10"]
[SourceQuality "1"]

1. e4 e5 2. Nf3 Nc6 3. Nc3 Nf6 4. d4 exd4 5. Nxd4 Bb4 6. Nxc6 bxc6 7. Bd3 0-0 8. 0-0 Re8 9. Re1 d5 10. exd5 Rxe1+ 11. Qxe1 cxd5 12. Bd2 Bb7 13. a3 Bc5 14. Na4 Bd6 15. h3 Qd7 16. Nc3 Re8 17. Qf1 Ne4 18. Bxe4 dxe4 19. Be3 a6 20. Rd1 f5 21. Qc4+ Kh8 22. Bf4 Qe7 23. Bxd6 cxd6 24. Nd5 Qg5 25. Qb4 Bxd5 26. Rxd5 Qc1+ 27. Kh2 Qxc2 28. Qxd6 Qxf2 29. Qd7 Qf4+ 30. Kh1 Rf8 31. Qe7 Rg8 32. Qe6 Qc1+ 33. Kh2 Qc7+ 34. Kh1 Qc1+ 35. Kh2 Qxb2 36. Rxf5 Qxa3 37. Qxe4 Qd6+ 38. Qf4 Qxf4+ 39. Rxf4 Ra8 40. Kg3 g6 41. Kf3 a5 42. Ra4 Kg7 43. Ke4 Kf6 44. Kd5 Kf5 45. g4+ Kg5 46. Ra3 Kh4 47. Ke5 Ra6 48. Kf4 a4 49. Ke4 h6 50. Kf4 Rf6+ 51. Ke5 Rb6 52. Rxa4 Kxh3 53. Rc4 Rb5+ 54. Kf4 g5+ 55. Kf3 Rb6 56. Ra4 Rf6+ 57. Ke3 Kg3 58. Ke2 Rf4 59. Ra6 Kxg4 60. Rxh6 Kg3 61. Rh1 g4 62. Rd1 Kh2 63. Rd8 g3 64. Rh8+ Kg1 65. Ke3 Rf1 66. Ke2 g2 67. Rg8 Rf4 68. Ke3 Rf7 69. Ke2 Rf2+ 70. Ke3 Kf1 71. Ra8 Re2+ 72. Kd3 g1Q 73. Rf8+ Ke1 0-1

[Event "GRE-ch U12"]
[Site "Rio Achaia"]
[Date "2018.07.06"]
[Round "6"]
[White "Koutlas, Nikolaos"]
[Black "Kazakos, Nikolaos"]
[Result "0-1"]
[WhiteElo "1811"]
[BlackElo "1375"]
[PlyCount "50"]
[EventDate "2018.07.03"]
[EventType "swiss"]
[EventRounds "9"]
[EventCountry "GRE"]
[SourceTitle "EXT 2019"]
[Source "ChessBase"]
[SourceDate "2018.10.10"]
[SourceVersion "1"]
[SourceVersionDate "2018.10.10"]
[SourceQuality "1"]

1. e4 e6 2. d4 d5 3. e5 c5 4. c3 Qb6 5. Nf3 Nc6 6. Be2 f6 7. 0-0 Bd7 8. Re1 Be7 9. Bd3 0-0-0 10. Bf1 fxe5 11. dxe5 Rf8 12. Nbd2 g5 13. Kh1 g4 14. Ng1 h5 15. f3 Nh6 16. Qe2 Rf5 17. Qb5 Qc7 18. Qb3 Nxe5 19. a4 Bd6 20. Bb5 Be8 21. Bxe8 Rxe8 22. c4 d4 23. Ne4 Ng8 24. Qb5 Ref8 25. Ng3 Nd3 0-1